[Event "Ribeirao Preto Batatais op"]
[Site "Ribeirao Preto"]
[Date "2015.02.28"]
[Round "3"]
[White "Braga, Joao Guilherme Silv"]
[Black "Oliveira, Rafael Monteiro De"]
[Result "1/2-1/2"]
[WhiteElo "1660"]
[BlackElo "1481"]
[PlyCount "37"]
[EventDate "2015.02.28"]
[EventType "swiss"]
[EventRounds "5"]
[EventCountry "BRA"]
[SourceTitle "CBM 165 Extra"]
[Source "ChessBase"]
[SourceDate "2015.04.21"]
[SourceVersion "1"]
[SourceVersionDate "2015.04.21"]
[SourceQuality "1"]

1. d4 Nf6 2. c4 g6 3. Nc3 Bg7 4. e4 d6 5. f4 e5 6. fxe5 dxe5 7. d5 c6 8. Bg5 0-0 9. Be2 cxd5 10. cxd5 Qb6 11. Qd2 Nbd7 12. Be3 Qc7 13. Nf3 Ng4 14. 0-0 Nxe3 15. Qxe3 Qc5 16. Qxc5 Nxc5 17. b4 Nxe4 18. Nxe4 f5 19. Nfd2 1/2-1/2

[Event "Batatais op 3rd"]
[Site "Batatais"]
[Date "2013.12.22"]
[Round "6"]
[White "Kajiwara, Joao Kazuyuki"]
[Black "Oliveira, Rafael Monteiro De"]
[Result "1-0"]
[WhiteElo "1252"]
[BlackElo "1807"]
[PlyCount "75"]
[EventDate "2013.12.20"]
[EventType "swiss"]
[EventRounds "6"]
[EventCountry "BRA"]
[SourceTitle "CBM 158 Extra"]
[Source "ChessBase"]
[SourceDate "2014.02.28"]
[SourceVersion "1"]
[SourceVersionDate "2014.02.28"]
[SourceQuality "1"]

1. e4 e6 2. d3 d5 3. Nd2 c5 4. Be2 Nc6 5. c3 Nf6 6. Qc2 d4 7. Ngf3 e5 8. a4 Be6 9. 0-0 Rc8 10. Ng5 Qd6 11. Nxe6 Qxe6 12. Nc4 a6 13. a5 Nd7 14. Qd1 Ne7 15. f4 f5 16. exf5 Nxf5 17. Bg4 Bd6 18. Bxf5 Qe7 19. Bxd7+ Qxd7 20. Nb6 Qc7 21. Nxc8 Qxc8 22. fxe5 Bc7 23. Qa4+ Ke7 24. Qc4 Bxe5 25. Bg5+ Kd6 26. Rf7 Re8 27. Raf1 Re6 28. Bh4 Kc6 29. Qa4+ Kd6 30. Bg3 Bxg3 31. hxg3 Rg6 32. Re1 dxc3 33. bxc3 c4 34. Qb4+ Kd5 35. d4 Rg5 36. Ree7 Rxg3 37. Rd7+ Ke4 38. Qb1+ 1-0

[Event "Batatais op 3rd"]
[Site "Batatais"]
[Date "2013.12.22"]
[Round "5"]
[White "Montufar Berrios, Eymi Priscila"]
[Black "Oliveira, Rafael Monteiro De"]
[Result "1-0"]
[WhiteElo "1461"]
[BlackElo "1807"]
[PlyCount "59"]
[EventDate "2013.12.20"]
[EventType "swiss"]
[EventRounds "6"]
[EventCountry "BRA"]
[SourceTitle "CBM 158 Extra"]
[Source "ChessBase"]
[SourceDate "2014.02.28"]
[SourceVersion "1"]
[SourceVersionDate "2014.02.28"]
[SourceQuality "1"]

1. e4 e6 2. d4 d5 3. e5 c5 4. Nf3 Nc6 5. Bb5 Bd7 6. Bxc6 Bxc6 7. Nc3 Qb6 8. 0-0 Ne7 9. dxc5 Qxc5 10. Be3 Qa5 11. Qd2 Nf5 12. Bd4 Nxd4 13. Nxd4 Be7 14. Qf4 0-0 15. Qg4 Bc5 16. Rad1 Bxd4 17. Rxd4 Rfd8 18. Rd3 Bb5 19. Nxb5 Qxb5 20. Rg3 g6 21. h4 h5 22. Qxh5 Kg7 23. Qg5 Rh8 24. h5 Rh6 25. Qf6+ Kg8 26. hxg6 Rxg6 27. Rxg6+ fxg6 28. Qxg6+ Kh8 29. g3 Qb6 30. Kg2 1-0

[Event "Barrinha op 1st"]
[Site "Barrinha"]
[Date "2013.??.??"]
[Round "2"]
[White "Oliveira, Rafael Monteiro De"]
[Black "De Oliveira, Francemir Barra"]
[Result "1/2-1/2"]
[WhiteElo "1807"]
[BlackElo "1806"]
[PlyCount "47"]
[EventDate "2013.11.15"]
[EventType "swiss"]
[EventRounds "6"]
[EventCountry "BRA"]
[SourceTitle "EXT 2015"]
[Source "ChessBase"]
[SourceDate "2014.11.20"]
[SourceVersion "1"]
[SourceVersionDate "2014.11.20"]
[SourceQuality "1"]

1. Nf3 Nf6 2. c4 d6 3. b3 e5 4. Nc3 c6 5. Qc2 Bg4 6. Ng5 Bh5 7. g3 Bg6 8. d3 Be7 9. Bg2 Nbd7 10. 0-0 Rc8 11. Bb2 0-0 12. Qd2 h6 13. Nf3 Nh7 14. e4 Ng5 15. Rfe1 f5 16. exf5 Rxf5 17. Nh4 Rf6 18. d4 Bh7 19. dxe5 Nxe5 20. f4 Ng4 21. fxg5 Qb6+ 22. Kh1 Nf2+ 23. Kg1 Ng4+ 24. Kh1 1/2-1/2